Fluid Mechanics 6thed. (Record no. 560044)

000 -LEADER
fixed length control field 00318nam a2200133Ia 4500
008 - FIXED-LENGTH DATA ELEMENTS--GENERAL INFORMATION
fixed length control field 210428s9999 xx 000 0 und d
082 ## - DEWEY DECIMAL CLASSIFICATION NUMBER
Classification number 532W571 F
100 ## - MAIN ENTRY--PERSONAL NAME
Personal name Frank M.White
9 (RLIN) 10449
245 #0 - TITLE STATEMENT
Title Fluid Mechanics 6thed.
250 ## - EDITION STATEMENT
Edition statement 4th
260 ## - PUBLICATION, DISTRIBUTION, ETC.
Name of publisher, distributor, etc. McGraw-Hill
Place of publication, distribution, etc. Photo copy
Date of publication, distribution, etc. 1999
300 ## - PHYSICAL DESCRIPTION
Extent 826p
942 ## - ADDED ENTRY ELEMENTS (KOHA)
Koha item type Book
Holdings
Withdrawn status Lost status Damaged status Not for loan Permanent Location Current Location Date acquired Total Checkouts Full call number Barcode Date last seen Price effective from Koha item type
        School of Chemical & Materials Engineering (SCME) School of Chemical & Materials Engineering (SCME)     532W571 F SCME-209 04/28/2021 04/28/2021 Book
© 2023 Central Library, National University of Sciences and Technology. All Rights Reserved.